لماذا تعصف الرياح و غيرها من الأسئلة حول كوكبنا / (Record no. 109123)

MARC details
000 -LEADER
fixed length control field 00631nam a22001937a 4500
005 - DATE AND TIME OF LATEST TRANSACTION
control field 20251108173643.0
008 - FIXED-LENGTH DATA ELEMENTS--GENERAL INFORMATION
fixed length control field 250721s1997 xx 000 0 ara d
082 14 - DEWEY DECIMAL CLASSIFICATION NUMBER
Classification number ط/551.51/غان
100 1# - MAIN ENTRY--PERSONAL NAME
Personal name غانري، أنيتا
245 10 - TITLE STATEMENT
Title لماذا تعصف الرياح و غيرها من الأسئلة حول كوكبنا /
264 1# - PRODUCTION, PUBLICATION, DISTRIBUTION, MANUFACTURE, AND COPYRIGHT NOTICE
Place of production, publication, distribution, manufacture بيروت :
Name of producer, publisher, distributor, manufacturer الدار العربية للعلوم،
Date of production, publication, distribution, manufacture, or copyright notice 1997.
300 ## - PHYSICAL DESCRIPTION
Extent 30ص.
490 0# - SERIES STATEMENT
Series statement لماذا؟
650 17 - SUBJECT ADDED ENTRY--TOPICAL TERM
Topical term or geographic name as entry element الرياح
653 ## - INDEX TERM--UNCONTROLLED
Uncontrolled term أطفال مرحلة متوسطة(6-9)سنوات
700 1# - ADDED ENTRY--PERSONAL NAME
Personal name سماحة، ناتالي
942 ## - ADDED ENTRY ELEMENTS (KOHA)
Source of classification or shelving scheme Dewey Decimal Classification
Koha item type Books
Holdings
حالة السحب حالة الفقدان مصدر التصنيف حالة التلف غير قابل للإعارة المكتبة الرئيسية المكتبة الحالية موقع الرف تاريخ التزويد الرقم المتسلسل Total Checkouts رقم الإستدعاء الباركود تاريخ آخر ظهور تاريخ الفاتورة نوع المادة (كوها)
    Dewey Decimal Classification     المكتبة المركزية المكتبة المركزية مقتنيات قسم التزويد 28/07/2025 1190349   ط/551.51/غان   28/07/2025 28/07/2025 Books
    Dewey Decimal Classification     مكتبة البشائر للأطفال مكتبة البشائر للأطفال الأطفال 13/05/2015 [526849   ط/551.51/غان PLD00324135 28/07/2025 13/05/2015 Books
    Dewey Decimal Classification     مكتبة قتيبة للأطفال مكتبة قتيبة للأطفال الأطفال 03/03/2018 1667774   ط/551.51/غان PLD00418622 28/07/2025 03/03/2018 Books
    Dewey Decimal Classification     مكتبة قتيبة للأطفال مكتبة قتيبة للأطفال الأطفال 03/03/2018 1667772   ط/551.51/غان PLD00418624 28/07/2025 03/03/2018 Books
    Dewey Decimal Classification     مكتبة الراية الهاشمية للأطفال مكتبة الراية الهاشمية للأطفال الأطفال 13/01/2003 0295713   ط/551.51/غان PLD00354008 28/07/2025 13/01/2003 Books
    Dewey Decimal Classification     مكتبة الياسمين للأطفال مكتبة الياسمين للأطفال الأطفال 25/03/2014 557791   ط/551.51/غان PLD00296535 28/07/2025 25/03/2014 Books
    Dewey Decimal Classification     مكتبة الياسمين للأطفال مكتبة الياسمين للأطفال الأطفال 27/03/2014 556623   ط/551.51/غان PLD00297056 28/07/2025 27/03/2014 Books
    Dewey Decimal Classification     مكتبة بدر للأطفال مكتبة بدر للأطفال الأطفال 10/08/2022 268252   ط/551.51/غان PLD00498650 28/07/2025 10/08/2022 Books
    Dewey Decimal Classification     مكتبة مرج الحمام مكتبة مرج الحمام الأطفال 28/07/2025 1136733   ط/551.51/غان 1136733 28/07/2025 28/07/2025 Books
Implemented & Customized by: BBB with SCIT (Smart Chains for Information Technology)

Powered by Koha